20 Most Famous Cities in Uruguay on a Map - Statistics

General Stats
  • This quiz has been taken 47 times
  • The average score is 9 of 21
Answers on the Map
Answers color-coded by a green-red scale on the quiz's map according to % correct below.
 
Answer Stats
Wiki Monthly Views Cityquiz Mention Rate Population Answers % Correct
100.86K 48.28% 1304.69K Montevideo
100%
11.77K 2.56% 104.01K Salto
65%
18.28K 0.93% 26.23K Colonia del Sacramento
56%
20.04K 2.58% 9.28K Punta del Este
53%
6.33K 1.24% 64.47K Rivera
53%
5.46K 0.96% 62.59K Maldonado
44%
6.19K 1.22% 76.41K Paysandú
44%
3.66K 0.69% 40.66K Artigas
38%
3.03K 0.55% 95.18K Ciudad de la Costa
38%
2.54K 2.81% 33.64K Florida
38%
3.10K 1.50% 51.83K Melo
38%
3.54K 0.65% 54.76K Tacuarembó
38%
3.23K 0.66% 19.86K Canelones
35%
6.22K 0.41% 24.41K Fray Bentos
35%
2.26K 0.70% 41.97K Mercedes
35%
2.42K 0.41% 71.26K Las Piedras
32%
2.40K 0.68% 25.48K Treinta y Tres
32%
3.22K 0.69% 9.68K Chuy
29%
2.35K 0.60% 34.37K Durazno
29%
2.45K 1.53% 38.45K Minas
26%
3.93K 0.26% 8.83K Piriápolis
21%
No matching quizzes found
Score Distribution
Percent of People with Each Score
Percentile by Number Answered
Your Score History
You have not taken this quiz